| 000 | 01533nam a2200397 i 4500 | ||
|---|---|---|---|
| 001 | 196769 | ||
| 003 | ES-MaACL | ||
| 005 | 20250825062706.0 | ||
| 008 | 241114s2013 sp a | |||| 000 0 spa | ||
| 015 | _aMON13 | ||
| 017 |
_aM 4005-2013 _bOficina Depósito Legal Madrid |
||
| 020 | _a9788415801009 | ||
| 035 | _a(OCoLC)864291285 | ||
| 035 | _a(SpMaBN)a5376949 | ||
| 040 |
_aSpMaBN _bspa _cSpMaBN _erdc |
||
| 080 | _a94(460.27 M.-21 Universidad) | ||
| 100 | 1 |
_aOsorio García de Oteyza, Carlos _d1958- _9239306 _eaut |
|
| 245 | 1 | 0 |
_aMalasaña / _cCarlos Osorio ; cartografía Rafael Sanz |
| 260 |
_aMadrid : _bTemporae ; _cD.L. 2013. |
||
| 264 | _a©2013 | ||
| 300 |
_a227 páginas : _bilustrado, planos ; _c17 x 17 cm |
||
| 336 |
_aImagen (fija ; bidimensional ; visual) _aTexto (visual) _2isbdcontent |
||
| 337 |
_asin mediación _2isbdmedia |
||
| 338 |
_2rdacarrier _avolumen |
||
| 490 | 1 | _aBarrios de Madrid | |
| 504 | _aBibliografía: páginas 225-227 | ||
| 651 | 0 |
_aUniversidad (Madrid, Barrio)- _xHistoria _2embne _9239307 |
|
| 655 | 7 |
_2tgfbne _aLibros ilustrados _9193653 |
|
| 700 | 1 |
_aSanz, Rafael _ectg _9241443 |
|
| 852 |
_aES-MaACL _cDEPOJ _jN-10270 _hDonación: José Lázaro García _xEncuadernación rústica con solapas _9206396 |
||
| 903 |
_9234219 _aLázaro García, José _ednr |
||
| 942 |
_cMONOGRAFIA _n0 |
||
| 999 |
_c196769 _d196769 |
||